L'accident de vie - La clef pour construire un scénario : La clef pour construire un scénario (notice n° 2095368)
[ vue normale ]
| 000 -LEADER | |
|---|---|
| fixed length control field | 01384cam a2200133 4500500 |
| 005 - DATE AND TIME OF LATEST TRANSACTION | |
| control field | 20260405011517.0 |
| 041 ## - LANGUAGE CODE | |
| Language code of text/sound track or separate title | fre |
| 042 ## - AUTHENTICATION CODE | |
| Authentication code | dc |
| 100 10 - MAIN ENTRY--PERSONAL NAME | |
| Personal name | Louveau, Marc-Olivier |
| Relator term | author |
| 245 00 - TITLE STATEMENT | |
| Title | L'accident de vie - La clef pour construire un scénario : La clef pour construire un scénario |
| 260 ## - PUBLICATION, DISTRIBUTION, ETC. | |
| Name of publisher, distributor, etc. | Armand Colin,<br/> |
| Date of publication, distribution, etc. | 2023.<br/> |
| 520 ## - SUMMARY, ETC. | |
| Summary, etc. | L'accident de vie en fiction est incontournable, que l'on choisisse de le dévoiler, de le dramatiser, ou non. On le retrouve partout car il est la source de tout le processus narratif : histoire, personnage, intrigue, structure et dialogue. Dès qu’on aborde ce mécanisme avec un écrivain, un scénariste ou un producteur, la discussion s'anime rapidement et devient constructive.Il existe une clé pour construire un récit, et elle réside dans l'objet même de tout récit : l'être humain. Dans la vie comme dans la fiction un être se construit sur un accident de vie qui détermine tout le reste de son existence. Qu'il soit positif ou négatif, joyeux ou malheureux, il détermine ce qu'il devra accomplir pour retrouver un nouvel équilibre. Rien d'exceptionnel à cette découverte, sinon qu'elle offre une formidable méthodologie de travail pour créer des histoires et des personnages qui nous ressemblent. |
| 856 41 - ELECTRONIC LOCATION AND ACCESS | |
| Uniform Resource Identifier | <a href="https://shs.cairn.info/l-accident-de-vie--9782200634834?lang=fr&redirect-ssocas=7080">https://shs.cairn.info/l-accident-de-vie--9782200634834?lang=fr&redirect-ssocas=7080</a> |
Pas d'exemplaire disponible.




Réseaux sociaux